[Event "POL-chT 2nd League"]
[Site "Jastrzebia Gora"]
[Date "2019.09.15"]
[Round "9.21"]
[White "Brylowski, Stefan"]
[Black "Flak, Pawel"]
[Result "1-0"]
[WhiteElo "1960"]
[BlackElo "2205"]
[PlyCount "129"]
[EventDate "2019.09.07"]
[EventType "team-swiss"]
[EventRounds "9"]
[EventCountry "POL"]
[SourceTitle "EXT 2020"]
[Source "ChessBase"]
[SourceDate "2019.10.17"]
[SourceVersion "1"]
[SourceVersionDate "2019.10.17"]
[SourceQuality "1"]
[WhiteTeam "Lipusz WDA"]
[BlackTeam "Plock Stowarzyszenie"]
[WhiteTeamCountry "POL"]
[BlackTeamCountry "POL"]

1. d4 b6 2. c4 Bb7 3. Nc3 Nf6 4. Bf4 d6 5. e3 g6 6. h3 Bg7 7. Nf3 0-0 8. Be2 Nbd7 9. 0-0 Ne4 10. Qc2 Nxc3 11. Qxc3 e5 12. Bg5 f6 13. Bh4 e4 14. Nd2 c5 15. Nb3 Qe7 16. Rfd1 Rfe8 17. Rd2 Nf8 18. Rad1 Qf7 19. Bg3 Qe6 20. a4 f5 21. a5 Bc6 22. Qc2 Qe7 23. Nc1 cxd4 24. exd4 bxa5 25. Qc3 a4 26. Qa5 Bh6 27. Rc2 f4 28. Bh2 Qb7 29. Na2 Rab8 30. Nc1 Re7 31. d5 Be8 32. c5 dxc5 33. Qxc5 Bf7 34. Ba6 Qd7 35. Bc8 Qd8 36. d6 Re8 37. d7 Be6 38. Rd4 Rxc8 39. dxc8Q Qxc8 40. Rxe4 Qb7 41. f3 Rd8 42. Bxf4 Rd1+ 43. Kh2 Bg7 44. Rxa4 a6 45. Rb4 Qf7 46. Qe3 a5 47. Rc7 axb4 48. Rxf7 Bxf7 49. Nd3 Ne6 50. Bd6 b3 51. Qe2 Ra1 52. Ne5 Ra7 53. Qb5 Bxe5+ 54. Bxe5 Ra8 55. Qxb3 h6 56. Qb7 Rd8 57. Qe7 Rd2 58. Qf6 Kf8 59. Qh8+ Ke7 60. Qxh6 Rc2 61. Qh4+ g5 62. Qb4+ Kd7 63. Bf6 Rxg2+ 64. Kxg2 Nf4+ 65. Kf1 1-0

[Event "POL-chT 2nd League"]
[Site "Jastrzebia Gora"]
[Date "2016.09.07"]
[Round "5.81"]
[White "Rudnicki, Milosz"]
[Black "Brylowski, Stefan"]
[Result "1-0"]
[WhiteElo "2199"]
[BlackElo "1900"]
[PlyCount "149"]
[EventDate "2016.09.03"]
[EventType "team-swiss"]
[EventRounds "9"]
[EventCountry "POL"]
[SourceTitle "EXT 2017"]
[Source "ChessBase"]
[SourceDate "2016.10.25"]
[SourceVersion "1"]
[SourceVersionDate "2016.10.25"]
[SourceQuality "1"]
[WhiteTeam "Grzybowo GKSz Solny"]
[BlackTeam "Lipusz WDA"]
[WhiteTeamCountry "POL"]
[BlackTeamCountry "POL"]

1. e4 e5 2. Nf3 Nc6 3. Bb5 a6 4. Ba4 Nf6 5. 0-0 Be7 6. Re1 d6 7. c3 Bd7 8. d4 0-0 9. Nbd2 Re8 10. d5 Nb8 11. c4 c6 12. b4 cxd5 13. cxd5 Bxa4 14. Qxa4 Nbd7 15. Bb2 b5 16. Qa3 Nb6 17. Rac1 Qd7 18. Rc6 Na4 19. Nc4 Rec8 20. Na5 Bd8 21. Rxc8 Rxc8 22. Nc6 Bb6 23. h3 Rxc6 24. dxc6 Qxc6 25. Nd2 h6 26. Qb3 Nh5 27. Nf1 Nf4 28. Bc1 Ne6 29. Qd3 Nc3 30. Bd2 Na4 31. Rc1 Qd7 32. Be3 Nd4 33. Bxd4 Bxd4 34. Ne3 Qe6 35. Nf5 Bb6 36. Rc2 g6 37. Nxh6+ Kg7 38. Ng4 Bd4 39. Qb3 Qxb3 40. axb3 Nc3 41. Ne3 Kf8 42. Kf1 Ke8 43. f3 Bxe3 44. Rxc3 Bd2 45. Rc6 Bxb4 46. Rxa6 Bc5 47. b4 Bxb4 48. Rb6 Bc5 49. Rxb5 Ke7 50. h4 Be3 51. g4 Ke6 52. Kg2 Kf6 53. Rd5 Ke6 54. Rd3 Bc5 55. Kg3 Kf6 56. Rd1 Bb4 57. f4 exf4+ 58. Kxf4 g5+ 59. hxg5+ Kg6 60. Rd5 Ba3 61. Ke3 Bc1+ 62. Kd3 Bf4 63. Rf5 Bxg5 64. Kd4 Bf6+ 65. Kd5 Be5 66. g5 Bg3 67. Kc6 Bh4 68. Kxd6 Bxg5 69. Kd7 Bh4 70. Ke8 f6 71. Ke7 Bg5 72. Ke6 Bh4 73. Rf1 Kg7 74. Rg1+ Bg5 75. e5 1-0

[Event "POL-chT 2nd League"]
[Site "Jastrzebia Gora"]
[Date "2016.09.03"]
[Round "1.99"]
[White "Brylowski, Stefan"]
[Black "Bednarczyk, Damian"]
[Result "0-1"]
[WhiteElo "1900"]
[BlackElo "2158"]
[PlyCount "82"]
[EventDate "2016.09.03"]
[EventType "team-swiss"]
[EventRounds "9"]
[EventCountry "POL"]
[SourceTitle "EXT 2017"]
[Source "ChessBase"]
[SourceDate "2016.10.25"]
[SourceVersion "1"]
[SourceVersionDate "2016.10.25"]
[SourceQuality "1"]
[WhiteTeam "Lipusz WDA"]
[BlackTeam "Wieliczka MKS MOS"]
[WhiteTeamCountry "POL"]
[BlackTeamCountry "POL"]

1. c4 e5 2. Nc3 Nf6 3. Nf3 Nc6 4. g3 d5 5. cxd5 Nxd5 6. Bg2 Nb6 7. b3 Be7 8. Bb2 0-0 9. 0-0 Re8 10. d4 exd4 11. Nb5 Bf6 12. Nfxd4 Nxd4 13. Bxd4 c6 14. Bxf6 Qxf6 15. Nd6 Rd8 16. Ne4 Qe7 17. Qc1 Bf5 18. Nc3 Qb4 19. e4 Rd3 20. Qf4 Qxc3 21. Qxf5 Qd4 22. Kh1 g6 23. Qf4 Rd8 24. Rab1 Nd7 25. Qc7 Nc5 26. f3 Rd2 27. a4 Nd3 28. h4 Rd7 29. Qa5 Nf2+ 30. Kh2 Nd1 31. Qg5 Ne3 32. Rg1 Re2 33. Rbe1 Rxg2+ 34. Rxg2 Nxg2 35. Kxg2 Qb2+ 36. Kh3 h5 37. Qe3 Rd2 38. Rh1 b6 39. Qf4 Qd4 40. g4 Qf2 41. Rh2 hxg4+ 0-1